MARC details
| 000 -LEADER |
| fixed length control field |
01416cam a2200397Ka 4500 |
| 001 - CONTROL NUMBER |
| control field |
ocm65182706 |
| 003 - CONTROL NUMBER IDENTIFIER |
| control field |
OCoLC |
| 005 - DATE AND TIME OF LATEST TRANSACTION |
| control field |
20180530154401.0 |
| 008 - FIXED-LENGTH DATA ELEMENTS--GENERAL INFORMATION |
| fixed length control field |
060322s2005 nyua b 000 1 spa d |
| 020 ## - INTERNATIONAL STANDARD BOOK NUMBER |
| International Standard Book Number |
0439765579 (pbk.) |
| 020 ## - INTERNATIONAL STANDARD BOOK NUMBER |
| International Standard Book Number |
9780439765572 (pbk.) |
| 035 ## - SYSTEM CONTROL NUMBER |
| System control number |
(OCoLC)65182706 |
| 040 ## - CATALOGING SOURCE |
| Original cataloging agency |
DVA |
| Language of cataloging |
eng |
| Transcribing agency |
DVA |
| Modifying agency |
GK8 |
| -- |
BDX |
| -- |
OCLCA |
| -- |
OCLCF |
| -- |
OCLCA |
| -- |
OCLCQ |
| -- |
OCL |
| -- |
QT4 |
| 041 1# - LANGUAGE CODE |
| Language code of text/sound track or separate title |
spa |
| Language code of original |
eng |
| 049 ## - LOCAL HOLDINGS (OCLC) |
| Holding library |
ORXA |
| 050 #4 - LIBRARY OF CONGRESS CALL NUMBER |
| Classification number |
PZ7.L8432 |
| Item number |
Fte 2005 |
| 082 04 - DEWEY DECIMAL CLASSIFICATION NUMBER |
| Classification number |
[E] |
| Edition number |
22 |
| 099 ## - LOCAL FREE-TEXT CALL NUMBER (OCLC) |
| Filing suffix |
SPANISH |
| Classification number |
jE LONDON 2005 |
| 100 1# - MAIN ENTRY--PERSONAL NAME |
| Personal name |
London, Jonathan, |
| Dates associated with a name |
1947- |
| 240 10 - UNIFORM TITLE |
| Uniform title |
<a href="Froggy's day with Dad.">Froggy's day with Dad.</a> |
| Language of a work |
Spanish. |
| 245 10 - TITLE STATEMENT |
| Title |
Froggy y su papa / |
| Statement of responsibility, etc. |
pro Jonathan London ; illustrado por Frank Remkiewicz. |
| 260 ## - PUBLICATION, DISTRIBUTION, ETC. (IMPRINT) |
| Place of publication, distribution, etc. |
New York : |
| Name of publisher, distributor, etc. |
Scholastic, |
| Date of publication, distribution, etc. |
c2005. |
| 300 ## - PHYSICAL DESCRIPTION |
| Extent |
1 volume (unpaged) : |
| Other physical details |
color illustrations ; |
| Dimensions |
21 x 25 cm. |
| 336 ## - CONTENT TYPE |
| Content type term |
text |
| Content type code |
txt |
| Source |
rdacontent. |
| 337 ## - MEDIA TYPE |
| Media type term |
unmediated |
| Media type code |
n |
| Source |
rdamedia. |
| 338 ## - CARRIER TYPE |
| Carrier type term |
volume |
| Carrier type code |
nc |
| Source |
rdacarrier. |
| 500 ## - GENERAL NOTE |
| General note |
Originally published: New York : Viking, 2004. |
| 520 ## - SUMMARY, ETC. |
| Summary, etc. |
Froggy and his dad celebrate Father's Day with a game of miniature golf, among other things. |
| 546 ## - LANGUAGE NOTE |
| Language note |
Espa©łol/Spanish. |
| 600 00 - SUBJECT ADDED ENTRY--PERSONAL NAME |
| Personal name |
Froggy |
| Titles and other words associated with a name |
(Fictitious character) |
| Form subdivision |
Juvenile fiction. |
| 650 #7 - SUBJECT ADDED ENTRY--TOPICAL TERM |
| Topical term or geographic name as entry element |
Ranas |
| Form subdivision |
Novela. |
| Source of heading or term |
bidex. |
| 650 #7 - SUBJECT ADDED ENTRY--TOPICAL TERM |
| Topical term or geographic name as entry element |
Padres e hijos |
| Form subdivision |
Novela. |
| Source of heading or term |
qlsp. |
| 690 ## - LOCAL SUBJECT ADDED ENTRY--TOPICAL TERM (OCLC, RLIN) |
| Topical term or geographic name as entry element |
Spanish language edition |
| Form subdivision |
Juvenile fiction. |
| 700 1# - ADDED ENTRY--PERSONAL NAME |
| Personal name |
Remkiewicz, Frank, |
| Relator term |
illustrator. |
| 942 ## - ADDED ENTRY ELEMENTS (KOHA) |
| Koha item type |
Libro/Book |